|
|
|
|
| LEADER |
00000ntm a22000007u 4500 |
| 001 |
zp25229 |
| 041 |
|
|
|a cze
|
| 100 |
1 |
|
|a Krupicová, Ilona
|4 dis
|
| 245 |
1 |
0 |
|a Problémy životního stylu rodiny
|
| 246 |
|
|
|a Difficulties of Family Lifestyle
|
| 260 |
|
|
|c 2012
|
| 300 |
|
|
|a 97 s. (177 166 znaků)
|
| 500 |
|
|
|a Studijní obor: Sociální pedagogika
|
| 500 |
|
|
|a Studijní obor: Social pedagogy
|
| 500 |
|
|
|a Ústav: Katedra pedagogiky
|
| 500 |
|
|
|a Univerzita Tomáše Bati ve Zlíně. Fakulta humanitních studií
|
| 500 |
|
|
|a Tomas Bata University in Zlín. Faculty of Humanities
|
| 506 |
|
|
|a Bez omezení
|
| 653 |
|
|
|a životní styl
|
| 653 |
|
|
|a rodina
|
| 653 |
|
|
|a problémy životního stylu
|
| 653 |
|
|
|a kvalita života
|
| 653 |
|
|
|a volný čas
|
| 653 |
|
|
|a volnočasové aktivity
|
| 653 |
|
|
|a výživa
|
| 653 |
|
|
|a poruchy příjmu potravy
|
| 653 |
|
|
|a zdraví
|
| 653 |
|
|
|a civilizační nemoci
|
| 653 |
|
|
|a lifestyle
|
| 653 |
|
|
|a family
|
| 653 |
|
|
|a lifestyle issues
|
| 653 |
|
|
|a quality of life
|
| 653 |
|
|
|a leisure
|
| 653 |
|
|
|a leisure activity
|
| 653 |
|
|
|a nutrition
|
| 653 |
|
|
|a eating disorders
|
| 653 |
|
|
|a health
|
| 653 |
|
|
|a diseases of civilization
|
| 655 |
|
4 |
|a diplomová práce
|
| 700 |
1 |
|
|a Kraus, Blahoslav
|4 ths
|
| 710 |
2 |
|
|a Univerzita Tomáše Bati ve Zlíně. Fakulta humanitních studií
|4 dgg
|
| 710 |
2 |
|
|a Tomas Bata University in Zlín. Faculty of Humanities
|4 dgg
|
| 856 |
4 |
0 |
|u http://hdl.handle.net/10563/19524
|y Plný text v Digitální knihovně UTB
|